Nomography and Empirical Equations (Record no. 32634)

000 -Cabeçalho
Cabeçalho 00378nam 22001453 4500
001 - Identificador do registo
Identificador do registo 32634
090 ## - Número de controle KOHA
Número biblioitem KOHA 32634
100 ## - Dados gerais de processamento
Dados gerais de processamento 20260325d u||y0pory50 ba
101 ## - Língua da publicação
Língua do texto, banda sonora, etc. Inglês
200 ## - Título e menção de responsabilidade
Título próprio Nomography and Empirical Equations
Primeira menção de responsabilidade Lee H. Johnson
210 ## - Publicação, distribuição, etc.
Lugar da edição, distribuição, etc. New York
Nome do editor, distribuidor, etc. John Wiley &Sons, Inc
Data da publicação, distribuição, etc. 1952
215 ## - Descrição física
Tipo do material e extensão do item 150 p.
Outras indicações físicas 23 cm
317 ## - Nota de proveniência
Instituição e exemplar a que o campo se aplica Serviço Meteorológico Nacional
801 ## - Fonte de origem
Regras de catalogação ISBD
942 ## - Informação adicional KOHA
Inibição de acesso no OPAC Não
Holdings
Situação do extravio Classificação interna Koha para ordenação Data de aquisição Número de registo Número interno Koha (auto-gerado) Biblioteca de aquisição Biblioteca de empréstimo Cota Fim da data de empréstimo Permissão de empréstimo Tipo de documento
  ESTANTE_3_PRAT_12_000000000000000 2026-03-25 3850 32657 Biblioteca da Sede Biblioteca da Sede Estante 3, Prat 12 2026-03-25   Monografias

Powered by Koha